|
|
|
|
| LEADER |
00000nab a2200000ua 4500 |
| 001 |
vtls010763019 |
| 003 |
SK-MaSNL |
| 005 |
20260304203121.0 |
| 008 |
250718s1956 xo |||||||||||||||||slo| |
| 035 |
|
|
|a (urnnbn)urn:nbn:sk:snk:ar-a03hhv
|
| 035 |
|
|
|a (uuid)b824877e-1b14-45a2-8b52-1ed57d8d4102
|
| 035 |
|
|
|a urn:nbn:sk:snk-ab59tl
|
| 040 |
|
|
|a SNKBUCL
|b slo
|c SNKBUCL
|e AACR2
|
| 041 |
0 |
|
|a cze
|
| 044 |
|
|
|a xo
|c SK
|
| 100 |
1 |
|
|a Šenekl, M.
|4 aut
|9 1535563
|
| 245 |
1 |
0 |
|a PŘEDČASNÉ ODLUČOVÁNÍ NORMÁLNĚ NASEDAJÍCÍHO LŮŽKA
|c M. Šenekl
|
| 773 |
0 |
|
|t Bratislavské lekárske listy
|g Roč. 36, č. 9 (1956), s. 551-557
|
| 850 |
|
|
|a Slovenská národná knižnica
|
| 852 |
|
|
|a Slovenská národná knižnica
|
| 954 |
|
|
|a odborná, vedecká literatúra cudzojazyčná (svetová)
|2 lita
|
| 958 |
|
|
|a article3
|
| 958 |
|
|
|a OND
|
| 958 |
|
|
|a EUIPO
|
| 999 |
|
|
|c 3107749
|d 3109679
|